<?xml version="1.0" encoding="UTF-8"?>
<marc:record xmlns:marc="http://www.loc.gov/MARC21/slim">
   <marc:leader>00000nam a2200000 a 4500</marc:leader>
   <marc:datafield ind1="1" ind2=" " tag="100">
      <marc:subfield code="a">Taplin, Sam</marc:subfield>
      <marc:subfield code="4">ctb</marc:subfield>
      <marc:subfield code="e">Mitwirkende/-r</marc:subfield>
   </marc:datafield>
   <marc:datafield ind1="1" ind2=" " tag="100">
      <marc:subfield code="a">McNee, Ian</marc:subfield>
      <marc:subfield code="4">ctb</marc:subfield>
      <marc:subfield code="e">Mitwirkende/-r</marc:subfield>
   </marc:datafield>
   <marc:datafield ind1="1" ind2=" " tag="100">
      <marc:subfield code="a">Kaminsky, Daniela</marc:subfield>
      <marc:subfield code="4">ctb</marc:subfield>
      <marc:subfield code="e">Mitwirkende/-r</marc:subfield>
   </marc:datafield>
   <marc:datafield ind1=" " ind2=" " tag="653">
      <marc:subfield code="a">Seeräuber</marc:subfield>
   </marc:datafield>
   <marc:datafield ind1=" " ind2=" " tag="653">
      <marc:subfield code="a">Sachbilderbücher</marc:subfield>
   </marc:datafield>
   <marc:datafield ind1=" " ind2=" " tag="653">
      <marc:subfield code="a">Kindersachbuch</marc:subfield>
   </marc:datafield>
   <marc:datafield ind1="0" ind2="0" tag="245">
      <marc:subfield code="a">Handbuch für den jungen Piraten</marc:subfield>
   </marc:datafield>
   <marc:datafield ind1="0" ind2="0" tag="245">
      <marc:subfield code="c">verf. von Kapitän Indigo Sturmgesicht (auch bekannt unter dem Namen Sam Taplin). Mit Skizzen vers. von Neddy "Schlimmer Finger" Haifischzahn (auch bekannt unter dem Namen Jan McNee). Ins Dt. übertr. von der flinken roten Isabelle (auch bekannt unter dem N</marc:subfield>
   </marc:datafield>
   <marc:datafield ind1=" " ind2="1" tag="264">
      <marc:subfield code="a">Köln</marc:subfield>
      <marc:subfield code="b">Boje</marc:subfield>
      <marc:subfield code="c">2008</marc:subfield>
   </marc:datafield>
   <marc:datafield ind1="1" ind2=" " tag="520">
      <marc:subfield code="a">Angaben aus der Verlagsmeldung

Handbuch für den jungen Ritter / von Sam Taplin

Sausende Kanonenkugeln, heulende Stürme, seltsame Krankheiten ... Pirat zu sein ist nicht immer einfach. Für alle, die dieses Abenteuer wagen und in die Fußstapfen von Jack Sparrow treten wollen, ist dieses Buch genau das Richtige. Auf witzige und unterhaltsame Weise werden die grundlegenden Fertigkeiten des Piratentums vermittelt:
Wie wird man ein richtiger Pirat?
Wie hält man sein Schiff in Ordnung?
Wie kämpft ein anständiger Pirat?
Was hat es mit den großen Schatz-Mythen auf sich?
Dazu gibt es nützliche Anekdoten und Tipps aus dem Piraten-Alltag, die dieses Buch zu einem Muss für alle kleinen Piraten machen (und für die, die es noch werden wollen).
</marc:subfield>
   </marc:datafield>
   <marc:datafield ind1=" " ind2=" " tag="020">
      <marc:subfield code="a">9783414821270</marc:subfield>
      <marc:subfield code="9">9783414821270</marc:subfield>
   </marc:datafield>
   <marc:datafield ind1=" " ind2=" " tag="041">
      <marc:subfield code="a">ger</marc:subfield>
   </marc:datafield>
   <marc:datafield ind1=" " ind2=" " tag="300">
      <marc:subfield code="a">80 S.</marc:subfield>
   </marc:datafield>
</marc:record>
